000 00302nam a2200133Ia 4500
100 _aPhilips Modev.
942 _cBK
654 _aManagement.
245 _aProject management with CPM & PERT.
260 _bVan nostand rainhold co.
_c2001
082 _a658.4032
300 _a283
546 _aENGLISH
999 _c32275
_d32275